Normal view MARC view

Entry Personal Name

Number of records used in: 1

001 - CONTROL NUMBER

  • control field: 38187

003 - CONTROL NUMBER IDENTIFIER

  • control field: OSt

005 - DATE AND TIME OF LATEST TRANSACTION

  • control field: 20230510161639.0

008 - FIXED-LENGTH DATA ELEMENTS

  • fixed length control field: 230510|| aca||aabn | a|a d

040 ## - CATALOGING SOURCE

  • Original cataloging agency: OSt
  • Transcribing agency: OSt

100 ## - HEADING--PERSONAL NAME

  • Personal name: Narang, R.K.

670 ## - SOURCE DATA FOUND

  • Source citation: Work cat.: (OSt)521933: Narang, R.K., ‘Anusandhan’-led ‘Atmanirbhar’ UAS industry in India

Powered by Koha